000 00597nam a2200229Ia 4500
003 OSt
005 20220928102638.0
006 a|||||r|||| 00| 0
007 ta
008 220927b |||||||| |||| 00| 0 eng d
024 _a58053
037 _cTextual
040 _aSDCL
_cSDCL
_beng
041 _2eng
_aeng
082 _aO152,3N7x, M6
100 _aNarang Sudarshan Ed.
_9399592
245 0 _aSanrachna.
260 _aHapudh
_bShershk Prakashan
_c1986
300 _a172p.
_ccm.
942 _hO152,3N7x, M6
_cTEXL
_2CC
999 _c715456
_d715456